1990s Movies A-Z III Quiz Stats

 Plays Quiz Updated Jun 27, 2019

Score 0/25 Timer 06:00
33 Plays Today
% Correct
Home Alone
98%
Jurassic Park
97.2%
Ace Ventura: Pet Detective
96.3%
Saving Private Ryan
94.1%
The Green Mile
93.6%
Pretty Woman
90.2%
Fargo
88.1%
The Big Lebowski
87.9%
The Nightmare Before Christmas
86.3%
Thelma & Louise
83.7%
The Crow
82.5%
The Iron Giant
79.4%
Rush Hour
76.3%
% Correct
Malcolm X
73.9%
What’s Eating Gilbert Grape
65.2%
Léon: The Professional
61.4%
The English Patient
58.9%
Dead Man Walking
51.6%
Out of Sight
18.7%
U-Turn
10.6%
Very Bad Things
10.3%
The Quest
8.8%
Kiss of Death
6%
Zapped Again!
2.8%
Your Friends and Neighbors
2.1%

You're not logged in!

Compare scores with friends on all Sporcle quizzes.
OR
Log In

Sporcle TV

Today on Sporcle TV


Watch our educational content, quiz creation guides, and fun videos on Sporcle TV.

Show Comments

Extras

Top Quizzes Today


Score Distribution

Your Account Isn't Verified!

In order to create a playlist on Sporcle, you need to verify the email address you used during registration. Go to your Sporcle Settings to finish the process.

Report this User

Report this user for behavior that violates our Community Guidelines.

Details: